<?xml version="1.0" encoding="UTF-8"?>
<record
    xmlns:xsi="http://www.w3.org/2001/XMLSchema-instance"
    xsi:schemaLocation="http://www.loc.gov/MARC21/slim http://www.loc.gov/standards/marcxml/schema/MARC21slim.xsd"
    xmlns="http://www.loc.gov/MARC21/slim">

  <leader>01756nam a2200241 a 4500</leader>
  <controlfield tag="001">000041844</controlfield>
  <controlfield tag="005">20201002035804.0</controlfield>
  <controlfield tag="008">131029s1988    sp c          001 0 spa d</controlfield>
  <datafield tag="020" ind1=" " ind2=" ">
    <subfield code="a">8400067452</subfield>
  </datafield>
  <datafield tag="040" ind1=" " ind2=" ">
    <subfield code="a">DO-SdBNP</subfield>
    <subfield code="b">spa</subfield>
    <subfield code="c">BNPHU</subfield>
  </datafield>
  <datafield tag="100" ind1="1" ind2=" ">
    <subfield code="a">Orfila y Rotger, Mateo</subfield>
    <subfield code="d">1787-1853</subfield>
    <subfield code="9">68725</subfield>
  </datafield>
  <datafield tag="245" ind1="1" ind2="3">
    <subfield code="a">Orfila, saber y poder m&#xE9;dico /</subfield>
    <subfield code="c">edici&#xF3;n de Rafael Huertas Garc&#xED;a-Alejo.</subfield>
  </datafield>
  <datafield tag="260" ind1=" " ind2=" ">
    <subfield code="a">Madrid :</subfield>
    <subfield code="b">Consejo Superior de Investigaciones Cient&#xED;ficas,</subfield>
    <subfield code="c">1988.</subfield>
  </datafield>
  <datafield tag="300" ind1=" " ind2=" ">
    <subfield code="a">456 p. ; :</subfield>
    <subfield code="b">il., retrs ;</subfield>
    <subfield code="c">23 cm.</subfield>
  </datafield>
  <datafield tag="490" ind1="1" ind2=" ">
    <subfield code="a">Estudios sobre la ciencia ;</subfield>
    <subfield code="v">2</subfield>
  </datafield>
  <datafield tag="500" ind1=" " ind2=" ">
    <subfield code="a">Incluye &#xED;ndice</subfield>
  </datafield>
  <datafield tag="500" ind1=" " ind2=" ">
    <subfield code="a">Editado con la ayuda de la Secretar&#xED;a de Estado de Educaci&#xF3;n del MEC, dentro del programa de "Carlos III y la Ilustraci&#xF3;n (1789-1989)"</subfield>
  </datafield>
  <datafield tag="505" ind1="2" ind2=" ">
    <subfield code="a">El hombre --</subfield>
    <subfield code="t">Las limitaciones de una biograf&#xED;a --</subfield>
    <subfield code="t">Un breve pasado na&#xFA;tico --</subfield>
    <subfield code="t">Estudiante en Valencia --</subfield>
    <subfield code="t">Barcelona, la Junta de Comercio y Par&#xED;s ; Orfila, hombre p&#xFA;blico --</subfield>
    <subfield code="t">Los saberes m&#xE9;dicos --</subfield>
    <subfield code="t">La medicina legal como punto de partida --</subfield>
    <subfield code="t">De la experimentaci&#xF3;n fisio-farmacol&#xF3;gica a la toxicolog&#xED;a ; Orfila, qu&#xED;mico y toxic&#xF3;logo--</subfield>
    <subfield code="t">El caso Lafarge --</subfield>
    <subfield code="t">D&#xE9;biles de esp&#xED;ritu, imb&#xE9;ciles e idiotas --</subfield>
    <subfield code="t">La monoman&#xED;a en el banquillo de los acusados --</subfield>
    <subfield code="t">El poder m&#xE9;dico --</subfield>
    <subfield code="t">La Facultad de medicina, antesala del poder --</subfield>
    <subfield code="t">Medicina y pol&#xED;tica--</subfield>
    <subfield code="t">El poder absoluto del se&#xF1;or decano: reformas y control social --</subfield>
    <subfield code="t">Antolog&#xED;a de textos --</subfield>
    <subfield code="t">Toxicolog&#xED;a --</subfield>
    <subfield code="t">Qu&#xED;mica m&#xE9;dica --</subfield>
    <subfield code="t">Medicina legal --</subfield>
    <subfield code="t">Enfermedades mentales</subfield>
  </datafield>
  <datafield tag="504" ind1=" " ind2=" ">
    <subfield code="a">Incluye referencias bibliogr&#xE1;ficas y notas al pie de las p&#xE1;ginas</subfield>
  </datafield>
  <datafield tag="700" ind1="1" ind2=" ">
    <subfield code="a">Huertas Garc&#xED;a-Alejo, Rafael</subfield>
    <subfield code="e">ed.</subfield>
    <subfield code="9">14899</subfield>
  </datafield>
  <datafield tag="710" ind1="2" ind2=" ">
    <subfield code="a">Consejo Superior de Investigaciones Cient&#xED;ficas (Espa&#xF1;a)</subfield>
    <subfield code="9">15178</subfield>
  </datafield>
  <datafield tag="830" ind1=" " ind2="0">
    <subfield code="a">Estudios sobre la ciencia</subfield>
    <subfield code="v">2</subfield>
    <subfield code="9">38739</subfield>
  </datafield>
  <datafield tag="952" ind1=" " ind2=" ">
    <subfield code="0">0</subfield>
    <subfield code="1">0</subfield>
    <subfield code="5">0</subfield>
    <subfield code="7">1</subfield>
    <subfield code="8">MO</subfield>
    <subfield code="a">GR</subfield>
    <subfield code="b">GR</subfield>
    <subfield code="c">CT</subfield>
    <subfield code="d">2013-10-18</subfield>
    <subfield code="i">LF1</subfield>
    <subfield code="l">0</subfield>
    <subfield code="o"> </subfield>
    <subfield code="p">41844-10</subfield>
    <subfield code="r">2020-06-25</subfield>
    <subfield code="w">2020-06-25</subfield>
    <subfield code="y">1</subfield>
    <subfield code="Z">No se presta</subfield>
  </datafield>
  <datafield tag="999" ind1=" " ind2=" ">
    <subfield code="c">41333</subfield>
    <subfield code="d">41333</subfield>
  </datafield>
</record>
